[Event "NOR-ch Class3"]
[Site "Sarpsborg"]
[Date "2018.07.07"]
[Round "2"]
[White "Kallset, Oystein Viken"]
[Black "Irandoust, Shaya"]
[Result "1-0"]
[WhiteElo "1571"]
[BlackElo "1498"]
[PlyCount "103"]
[EventDate "2018.07.07"]
[EventType "swiss"]
[EventRounds "9"]
[EventCountry "NOR"]
[SourceTitle "EXT 2024"]
[Source "ChessBase"]
[SourceDate "2023.10.10"]
[SourceVersion "1"]
[SourceVersionDate "2023.10.10"]
[SourceQuality "1"]

1. c4 Nf6 2. Nc3 g6 3. Nf3 d5 4. cxd5 Nxd5 5. g3 Bg7 6. Bg2 0-0 7. 0-0 Nc6 8. Qb3 Nb6 9. d3 Be6 10. Qc2 a5 11. Ng5 Bd5 12. Nxd5 Nxd5 13. Bd2 Ncb4 14. Qc1 c6 15. a3 Na6 16. Rb1 Nac7 17. Rd1 Nb5 18. e3 e5 19. Ne4 Qc7 20. Nc3 Ndxc3 21. bxc3 Nd6 22. a4 f5 23. Qc2 Qf7 24. Rb6 e4 25. Rdb1 Ra7 26. Bf1 g5 27. c4 f4 28. exf4 Bd4 29. c5 Nc8 30. dxe4 Qg7 31. R6b3 gxf4 32. Rf3 fxg3 33. Rxg3 Bxf2+ 34. Kg2 Bxg3 35. hxg3 b5 36. cxb6 Rf2+ 37. Kxf2 Qd4+ 38. Be3 Rf7+ 39. Ke2 Qf6 40. Bg2 Qg6 41. Bf4 Rxf4 42. gxf4 Qxg2+ 43. Kd3 Qf3+ 44. Kd4 c5+ 45. Kxc5 Kf8 46. b7 Qe3+ 47. Kd5 Ne7+ 48. Ke6 Qh3+ 49. f5 Qh6+ 50. Kd7 Nc6 51. Qc5+ Kf7 52. Qxc6 1-0